000 00763nam a2200193 i 4500
001 77183
003 ES-MaACL
005 20230906173117.0
007 t|
008 041007s1965 sp ||||1| spa d
100 1 _aHaller, Albert von.
_961590
245 1 4 _aLos grandes descubrimientos en el campo de la alimentación /
_cAlberto von Haller ; traducido por Ricardo Olaran Osorio ; traducción revisada por Carlos de Corral Saleta ; obra ilustrada de Pablo Günther de Wupertal.
260 _aMadrid :
_bEspasa-Calpe,
_c1965.
300 _a351 p., 2 lám. :
_bil. ;
_c23 cm.
700 1 _aOlarán Osorio, Ricardo.
_986656
700 1 _aCorral Saleta, Carlos de.
_940727
700 1 _aGünther de Wupertal, Pablo.
_960965
852 _aES-MaACL
_jC-26994
_bR.56034
999 _c77183
_d77183